000
002720000a22000970004500
100
1
_a
Berberián, Martha de
245
1
0
_a
60 años de siembra abundante en Guatemala
300
_a
Vol. 56, Núm 253 (2001), Páginas 24-26
773
0
_t
La Biblia de las Américas
942
_c
ANA
999
_c
51627
_d
51627